<?xml version="1.0" encoding="UTF-8"?>
<record
    xmlns:xsi="http://www.w3.org/2001/XMLSchema-instance"
    xsi:schemaLocation="http://www.loc.gov/MARC21/slim http://www.loc.gov/standards/marcxml/schema/MARC21slim.xsd"
    xmlns="http://www.loc.gov/MARC21/slim">

  <leader>01521nam0a22003131  4500</leader>
  <controlfield tag="001">rc\4823743</controlfield>
  <controlfield tag="005">20250612224903.0</controlfield>
  <datafield tag="021" ind1=" " ind2=" ">
    <subfield code="a">RU</subfield>
    <subfield code="b">[57-42752]</subfield>
  </datafield>
  <datafield tag="035" ind1=" " ind2=" ">
    <subfield code="a">(NLR Aleph) 008884192</subfield>
  </datafield>
  <datafield tag="090" ind1=" " ind2=" ">
    <subfield code="a">8601077</subfield>
    <subfield code="c">8601077</subfield>
  </datafield>
  <datafield tag="100" ind1=" " ind2=" ">
    <subfield code="a">20130426d1957    |||y0rusy50      ca</subfield>
  </datafield>
  <datafield tag="101" ind1="1" ind2=" ">
    <subfield code="a">rus</subfield>
    <subfield code="c">eng</subfield>
  </datafield>
  <datafield tag="102" ind1=" " ind2=" ">
    <subfield code="a">RU</subfield>
  </datafield>
  <datafield tag="105" ind1=" " ind2=" ">
    <subfield code="a">ab  z   |||||</subfield>
  </datafield>
  <datafield tag="200" ind1="1" ind2=" ">
    <subfield code="a">&#x418;&#x43D;&#x436;&#x435;&#x43D;&#x435;&#x440;&#x43D;&#x44B;&#x439; &#x430;&#x43D;&#x430;&#x43B;&#x438;&#x437; &#x43F;&#x43E;&#x441;&#x43B;&#x435;&#x434;&#x441;&#x442;&#x432;&#x438;&#x439; &#x437;&#x435;&#x43C;&#x43B;&#x435;&#x442;&#x440;&#x44F;&#x441;&#x435;&#x43D;&#x438;&#x439; 1952 &#x433;. &#x432; &#x42E;&#x436;&#x43D;&#x43E;&#x439; &#x41A;&#x430;&#x43B;&#x438;&#x444;&#x43E;&#x440;&#x43D;&#x438;&#x438;</subfield>
    <subfield code="f">&#x41F;&#x435;&#x440;. &#x441; &#x430;&#x43D;&#x433;&#x43B;. &#x438; &#x440;&#x435;&#x434;. &#x43A;&#x430;&#x43D;&#x434;. &#x442;&#x435;&#x445;&#x43D;. &#x43D;&#x430;&#x443;&#x43A; &#x412;.&#x410;. &#x411;&#x44B;&#x445;&#x43E;&#x432;&#x441;&#x43A;&#x43E;&#x433;&#x43E;</subfield>
  </datafield>
  <datafield tag="210" ind1=" " ind2=" ">
    <subfield code="a">&#x41C;&#x43E;&#x441;&#x43A;&#x432;&#x430;</subfield>
    <subfield code="c">&#x413;&#x43E;&#x441;&#x441;&#x442;&#x440;&#x43E;&#x439;&#x438;&#x437;&#x434;&#x430;&#x442;</subfield>
    <subfield code="d">1957</subfield>
  </datafield>
  <datafield tag="215" ind1=" " ind2=" ">
    <subfield code="a">270 &#x441;., 4 &#x43B;. &#x43A;&#x430;&#x440;&#x442;.</subfield>
    <subfield code="c">&#x438;&#x43B;., &#x43A;&#x430;&#x440;&#x442;.</subfield>
    <subfield code="d">27</subfield>
  </datafield>
  <datafield tag="300" ind1=" " ind2=" ">
    <subfield code="a">&#x41D;&#x430; &#x43E;&#x431;&#x43E;&#x440;&#x43E;&#x442;&#x435; &#x442;&#x438;&#x442;. &#x43B;.: Karl V. Steinbrugge and Donald F. Moran. An engineering study of the Southern California earthquake of july 21, 1952, and its aftershocks. "Bull. of the Seismological society of America", 1954, vol. 44, &#x2116; 2b</subfield>
  </datafield>
  <datafield tag="517" ind1="0" ind2=" ">
    <subfield code="a">An engineering study of the Southern California earthquake of july 21, 1952, and its aftershocks</subfield>
  </datafield>
  <datafield tag="606" ind1=" " ind2=" ">
    <subfield code="a">&#x417;&#x435;&#x43C;&#x43B;&#x435;&#x442;&#x440;&#x44F;&#x441;&#x435;&#x43D;&#x438;&#x44F;</subfield>
    <subfield code="y">&#x421;&#x428;&#x410;</subfield>
    <subfield code="2">psbo</subfield>
  </datafield>
  <datafield tag="606" ind1=" " ind2=" ">
    <subfield code="a">&#x421;&#x435;&#x439;&#x441;&#x43C;&#x438;&#x447;&#x435;&#x441;&#x43A;&#x438;&#x435; &#x432;&#x43E;&#x43B;&#x43D;&#x44B;</subfield>
    <subfield code="x">&#x414;&#x435;&#x439;&#x441;&#x442;&#x432;&#x438;&#x435; &#x43D;&#x430; &#x441;&#x43E;&#x43E;&#x440;&#x443;&#x436;&#x435;&#x43D;&#x438;&#x44F; &#x438; &#x433;&#x440;&#x443;&#x43D;&#x442;&#x44B;</subfield>
    <subfield code="2">psbo</subfield>
  </datafield>
  <datafield tag="700" ind1=" " ind2="1">
    <subfield code="a">&#x428;&#x442;&#x435;&#x439;&#x43D;&#x431;&#x440;&#x443;&#x433;&#x433;&#x435;</subfield>
    <subfield code="b">&#x41A;.&#x412;.</subfield>
    <subfield code="g">&#x41A;&#x430;&#x440;&#x43B; &#x412;.</subfield>
  </datafield>
  <datafield tag="701" ind1=" " ind2="1">
    <subfield code="a">&#x41C;&#x43E;&#x440;&#x430;&#x43D;</subfield>
    <subfield code="b">&#x414;.&#x424;.</subfield>
    <subfield code="g">&#x414;&#x43E;&#x43D;&#x430;&#x43B;&#x44C;&#x434; &#x424;.</subfield>
  </datafield>
  <datafield tag="702" ind1=" " ind2="1">
    <subfield code="a">&#x411;&#x44B;&#x445;&#x43E;&#x432;&#x441;&#x43A;&#x438;&#x439;</subfield>
    <subfield code="b">&#x412;.&#x410;.</subfield>
    <subfield code="4">730</subfield>
    <subfield code="4">340</subfield>
  </datafield>
  <datafield tag="801" ind1=" " ind2="0">
    <subfield code="a">RU</subfield>
    <subfield code="b">NLR</subfield>
    <subfield code="g">psbo</subfield>
  </datafield>
  <datafield tag="801" ind1=" " ind2="1">
    <subfield code="a">RU</subfield>
    <subfield code="b">ELAR</subfield>
    <subfield code="2">rusmarc</subfield>
  </datafield>
  <datafield tag="852" ind1=" " ind2=" ">
    <subfield code="a">NLR</subfield>
    <subfield code="j">57-7/1734</subfield>
  </datafield>
  <datafield tag="942" ind1=" " ind2=" ">
    <subfield code="c">BOOK</subfield>
  </datafield>
  <datafield tag="980" ind1=" " ind2=" ">
    <subfield code="a">NB</subfield>
  </datafield>
  <datafield tag="995" ind1=" " ind2=" ">
    <subfield code="5">2013-10-26</subfield>
    <subfield code="b">NLR01</subfield>
    <subfield code="c">NLR01</subfield>
    <subfield code="e">RF31</subfield>
    <subfield code="f">8884192-10</subfield>
    <subfield code="k">57-7/1734</subfield>
    <subfield code="o">0</subfield>
    <subfield code="r">BOOK</subfield>
    <subfield code="s">5771734_</subfield>
  </datafield>
</record>
